| 000 | 00639nam a2200217 a 4500 | ||
|---|---|---|---|
| 005 | 20240911064733.0 | ||
| 008 | 010726s1999 mx r 000 0 spa d | ||
| 020 | _a8478842047 | ||
| 035 | _aUPN01000110152 | ||
| 049 | _aCG | ||
| 050 | 4 |
_aHV873 _bM3.7 1999 |
|
| 100 | 1 | _aMartínez Reguera, Enrique | |
| 245 | 1 | 0 |
_aCachorros de nadie : _bdescripción psicológica de la infancia explotada / _cEnrique Martínez Reguera |
| 250 | _a5a. ed. | ||
| 260 |
_aMadrid : _bPopular, _c1999. |
||
| 300 | _a206 p. | ||
| 440 | 0 | _aAl margen | |
| 650 | 4 |
_aNIÑOS DE LA CALLE _91575 |
|
| 650 | 2 |
_aNiños _xCondiciones sociales _913740 |
|
| 905 | _aLibro | ||
| 999 |
_c84061 _d84061 |
||